02219nam a2200517Ia 4500001000400000008004100004010000800045041001400053082001400067245009800081260001300179300000700192520000600199630003200205650002200237690002400259700004600283700003900329700004000368901008800408902000600496903005400502904001600556905002200572906000600594907001400600908001400614909003800628910001500666911001000681912001400691913000900705914002400714915001900738916000900757917000900766918001400775919001200789520084300801921000701644922000701651923000601658924001401664942001001678999001301688182241029s9999 xx 000 0 und d a159 aEspañol aNO APLICA 0aPresencia del olivorismo en la religiosidad popular en el Municipio de San Juan de la Maguana aSan Juan a68 a8 aParticipación Comunitaria aCiencias Sociales aCopiado sin cambios easesora Andújar Persinal, M.A., Carlos eautoraOgando del Rosario , Jorge  eautoraBello Pérez, Ana Cristina  a{"1":"Ogando del Rosario ","2":"Bello Pérez"}b{"1":"Jorge ","2":"Ana Cristina "} a1 a{"1":" Andújar Persinal, M.A."}b{"1":"Carlos"} aMáster en aCiencias Sociales a2 aNO APLICA aNO APLICA aISFODOSU, Recinto Urania Montás aNULLbNULL a["1"] aNO APLICA aNULL a06 de Abril de 2014 a06/07/15 06:07 aNULL aNULL aNO APLICA a["152"] aEl Liborismo como movimiento de carácter mesiánico y popular surge a principio del siglo XX, en la comunidad de Maguana Arriba, San Juan de la Maguana. Teniendo como mentor y guía a un campesino analfabeto  llamado Liborio Mateo Ledesma. El Liborismo constituyó una religión de salvación y curación caracterizada por un sincretismo cristiano pagano. Se enmarca dentro de los llamados movimientos mesiánicos. Entre las manifestaciones del Liborismo se destacan las salves liboristas y procesiones a La Agüita de Liborio, las noches de velas, días de vela, los despojos, entre otras manifestaciones del Liborismo. El Liborismo es identidad cultural esencia del sincretismo de la Región y  patrimonio cultural del Municipio de San Juan de la Maguana. Para visualizar este estudio en su totalidad haga click aquí a24 a24 a0 aNO APLICA cTesis c159d159